000 00931nas a2200325 4500
001 BR0700408
003 BR-BrBNA
005 20231205110513.0
007 ta
008 230509b bl.|||p| |||| 00| 00por d
040 _aBR-BrBNA
_bpor
_cBiblioteca Nacional de Agricultura
041 _a(Pt)
072 _aL73
100 1 _aOgawa, L.
100 1 _aNavarro, I.T.
100 1 _aFreire, R.L.
100 1 _aOliveira, R.C. de
100 1 _aVidotto, O.
245 1 _aOcorrência de anticorpos anti-Toxoplasma gondii em ovinos da região de Londrina no Estado do Paraná
650 _aOVINO
650 _aTOXOPLASMA GONDII
650 _aTOXOPLASMOSE
650 _aANTICORPO
650 _aSORO
650 _aANÁLISE ESTATÍSTICA
650 _aPARANÁ
773 0 _tSemina (Brazil)
_xISSN 1676-546X
_g(Jan-Jun 2003), v. 24(1) p. 57-62
_wBR0700408
909 _a202311
_bLúcia
_c55
_dLúcia Elande
942 _2AGRIS
_n0
_cANA
999 _c187653
_d187653